000 01100nam a22003371 4500
001 01107648
003 DO-SdBPM
005 20250529085814.0
007 01107648
008 920725s2017 pr spa
017 _a
_b
020 _a9780847702213
035 _a
040 _aDO-SdBPM
_bspa
_cBPMSU
_erda
082 4 _aPR863.5
_bS487c 2017
_222
100 1 _aSerra Deliz, Wenceslao
245 1 3 _a En las cavernas de Camuy :
_b Terón y su maravilloso mundo subterráneo /
_cWenceslao Serra Deliz ; ilustraciones, Nívea Ortiz Montañez.
_h
260 _aPuerto Rico :
_bUniversidad de Puerto Rico,
_c2017
300 _avarias paginaciones :
_bilustraciones ;
_c21 cm
490 0 _aSan Pedrito
500 _a
590 _aInventariado, 2025/VM
650 4 _aCuentos infantiles puertorriqueños
_v
_2
650 4 _aLibros ilustrados infantiles
700 1 _aOrtiz Montañez, Nívea
_eilustración
700 1 _aÁlvarez Oneill, Juan
_cilustraciones
710 2 _aUniversidad de Puerto Rico
900 _6
910 _aVMateo V. Control de calidad. BPMSU
942 _2ddc
_cBK
999 _c15115
_d15115